LIBRARY & INFORMATION CENTRE, KCAET, TAVANUR

ONLINE PUBLIC ACCESS CATALOGUE (OPAC)

Pre degree atisthana ganitham / (Record no. 6243)

MARC details
000 -LEADER
fixed length control field 00470cam a2200181ua 4500
041 ## - LANGUAGE CODE
Language code of text/sound track or separate title mal
082 ## - DEWEY DECIMAL CLASSIFICATION NUMBER
Classification number 510.1
Item number BAL/PR
100 ## - MAIN ENTRY--AUTHOR NAME
Personal name Balakrishnan, V.P .
245 ## - TITLE STATEMENT
Title Pre degree atisthana ganitham /
260 ## - PUBLICATION, DISTRIBUTION, ETC. (IMPRINT)
Place of publication Thiruvananthapuram :
Name of publisher State Instititute of Languages ,
Year of publication 1975.
300 ## - PHYSICAL DESCRIPTION
Number of Pages 286 ; .
942 ## - ADDED ENTRY ELEMENTS (KOHA)
Koha item type Books
Holdings
Withdrawn status Lost status Damaged status Home library Current library Date acquired Full call number Accession Number Koha item type
      KAUAET KAUAET 07/04/2012 510.1 13846 Books
      KAUAET KAUAET 07/04/2012 510.1 13845 Books
free website counter